00184nam a2200073Ia 4500008004100000082000800041100001700049245004400066240331s9999 xx 000 0 und d bDEL aDe Lenarol,N 0aDasa raja puwatha :b500 B.C.1200 A.D.